| 000 | 005020000a22001930004500 | ||
|---|---|---|---|
| 001 | 003694 | ||
| 003 | MACL | ||
| 005 | 20150725154907.0 | ||
| 008 | 150725b xxu||||| |||| 00| 0 eng d | ||
| 040 |
_aMACL _cMACL |
||
| 041 | _aEnglish | ||
| 082 | _a330/BAR | ||
| 100 |
_aBaru, Sanjaya _92381 |
||
| 245 |
_aStrategic India's _bConsequences Of Economic Performance _cSanjaya Baru |
||
| 260 |
_aNew Delhi _c2006 _bAcademic Foundation, |
||
| 350 | _a795 | ||
| 650 |
_aEconomic _983 |
||
| 942 |
_k330 _cBK _2ddc |
||
| 999 |
_c15590 _d15590 |
||